The nautical almanac for the year 2001 (Record no. 2604)

000 -LEADER
fixed length control field 00321nam a2200133Ia 4500
008 - FIXED-LENGTH DATA ELEMENTS--GENERAL INFORMATION
fixed length control field 200103s9999||||xx |||||||||||||| ||und||
020 ## - INTERNATIONAL STANDARD BOOK NUMBER
International Standard Book Number 9780117729230,
082 ## - DEWEY DECIMAL CLASSIFICATION NUMBER
Classification number 528
Item number HMS
100 ## - MAIN ENTRY--PERSONAL NAME
Personal name HMSO
245 #4 - TITLE STATEMENT
Title The nautical almanac for the year 2001
260 ## - PUBLICATION, DISTRIBUTION, ETC. (IMPRINT)
Name of publisher, distributor, etc HMSO
Date of publication, distribution, etc 2001
Place of publication, distribution, etc London
300 ## - PHYSICAL DESCRIPTION
Extent xxxv, 318P.
942 ## - ADDED ENTRY ELEMENTS (KOHA)
Item type Books
Holdings
Withdrawn status Lost status Source of classification or shelving scheme Damaged status Not for loan Collection code Permanent location Current location Shelving location Date acquired Full call number Barcode Date last seen Koha item type Public note
          Non-fiction IMU-MPC Library IMU-MPC Library General Stacks 2020-01-08 528 HMS LBS11203 2025-03-17 Books Column-1
Copyright © 2021 Indian Maritime University, Mumbai Port Campus. All Rights Reserved. Managed & Maintained by Central Library, IMU-Mumbai

webs counters

Powered by Koha